00265nam a2200097Ia 4500008004100000082001400041100001700055245006200072260001800134600001500152241002s9999 xx 000 0 und d a808.3 LAM aLambert, J.W 0aSaki Selected Form Beasts and Super Beasts &Other Stories aLondon:c1963 aLiterature